Statistics for People with R Initials Quiz

Click here to take the quiz!

General Stats

  • This quiz has been taken 21,933 times
    (8,360 since last reset)
  • The average score is 15 of 23

Answer Stats

Initials Clue Person % Correct
RRActor who became a PresidentRonald Reagan
92%
RNPresident who was not a crookRichard Nixon
88%
RCBlind piano playerRay Charles
86%
RPShe wouldn't give up her
seat on the bus
Rosa Parks
86%
RAMr. BeanRowan Atkinson
82%
RFRafael Nadal's rivalRoger Federer
78%
RG"Pretty Woman" actorRichard Gere
77%
RD"Matilda" and "BFG" authorRoald Dahl
76%
RWShe was legally blondeReese Witherspoon
74%
RMBond. James BondRoger Moore
73%
RKAuthor of "The Jungle Book"Rudyard Kipling
72%
RLConfederate Army leaderRobert E. Lee
64%
RZTom Cruise had her at helloRenee Zellweger
63%
RSDrummer who replaced Pete BestRingo Starr
61%
RH"Happy Days" star and
"Apollo 13" director
Ron Howard
61%
RENotable transcendentalist,
middle name Waldo
Ralph Waldo
Emerson
52%
RVDied in a plane crash with
Buddy Holly and the Big Bopper
Ritchie Valens
47%
RB"Fahrenheit 451"Ray Bradbury
43%
RJHe's a super freak,
he's super freaky
Rick James
43%
ROLesbian comedian / talk show hostRosie O'Donnell
43%
RQIn the National Lampoon's
universe, he was Cousin Eddie
Randy Quaid
35%
RTLead singer of Matchbox TwentyRob Thomas
33%
RIHe and his brothers sang
"Twist & Shout"
Ronald Isley
26%

Score Distribution

Percentile by Number Answered

Percent of People with Each Score

Your Score History

You have not taken this quiz since the last reset